[Event "Asia-ch Universities (Women)"]
[Site "Chess.com INT"]
[Date "2020.12.16"]
[Round "4"]
[White "Kiana, Arab"]
[Black "Azhar, Puteri Munajjah Az"]
[Result "1-0"]
[WhiteElo "1859"]
[BlackElo "1776"]
[PlyCount "71"]
[EventDate "2020.12.15"]
[EventType "swiss"]
[EventRounds "9"]
[EventCountry "IRI"]
[SourceTitle "EXT 2022"]
[Source "ChessBase"]
[SourceDate "2021.10.06"]
[SourceVersion "1"]
[SourceVersionDate "2021.10.06"]
[SourceQuality "1"]

1. d4 Nf6 2. c4 e6 3. a3 b6 4. Nc3 Bb7 5. Bf4 Be7 6. e3 0-0 7. Nf3 d5 8. cxd5 exd5 9. Bd3 c5 10. 0-0 a6 11. dxc5 bxc5 12. Rc1 Nbd7 13. h3 h6 14. Bb1 Rc8 15. Qd3 c4 16. Qf5 g6 17. Qc2 Kh7 18. Rfd1 Qb6 19. Ne5 Nxe5 20. Bxe5 Qe6 21. Bd4 Rfd8 22. Ne2 Rg8 23. Nf4 Qd6 24. h4 h5 25. Qe2 Kh6 26. Qf3 Nd7 27. Qg3 f6 28. Qh3 Ne5 29. Bc3 g5 30. hxg5+ Rxg5 31. e4 Rcg8 32. exd5 Ng4 33. Bd2 Qb6 34. Qf3 Ne5 35. Qe4 Bc5 36. Qh7# 1-0

[Event "Asia-ch Universities (Women)"]
[Site "Chess.com INT"]
[Date "2020.12.15"]
[Round "3"]
[White "Azhar, Puteri Munajjah Az"]
[Black "Srija, Seshadri"]
[Result "1-0"]
[WhiteElo "1776"]
[BlackElo "2087"]
[PlyCount "63"]
[EventDate "2020.12.15"]
[EventType "swiss"]
[EventRounds "9"]
[EventCountry "IRI"]
[SourceTitle "EXT 2022"]
[Source "ChessBase"]
[SourceDate "2021.10.06"]
[SourceVersion "1"]
[SourceVersionDate "2021.10.06"]
[SourceQuality "1"]

1. d4 d5 2. Nf3 Nf6 3. c4 c6 4. e3 e6 5. Nc3 Nbd7 6. Be2 dxc4 7. Bxc4 b5 8. Bd3 Bb7 9. 0-0 Be7 10. h3 0-0 11. e4 a6 12. Bb1 c5 13. e5 Nd5 14. Re1 Re8 15. Ne4 cxd4 16. Qxd4 Bc5 17. Nxc5 Nxc5 18. Qxc5 Rc8 19. Qd4 Ne7 20. Qxd8 Rexd8 21. Bg5 Kf8 22. Bxe7+ Kxe7 23. Be4 Bxe4 24. Rxe4 Rc2 25. b3 Rb2 26. Nd4 Rc8 27. Re2 Rxe2 28. Nxe2 Rc2 29. Kf1 b4 30. a3 bxa3 31. Rxa3 Rb2 32. Ke1 1-0

[Event "FISU World University"]
[Site "Tornelo INT"]
[Date "2020.10.28"]
[Round "7.5"]
[White "Kiolbasa, Oliwia"]
[Black "Azhar, Puteri Munajjah Az"]
[Result "1-0"]
[WhiteElo "2260"]
[BlackElo "2046"]
[PlyCount "133"]
[EventDate "2020.10.26"]
[EventType "team-swiss (rapid)"]
[EventRounds "9"]
[EventCountry "NET"]
[SourceTitle "CBM 199 Extra"]
[Source "ChessBase"]
[SourceDate "2021.01.31"]
[SourceVersion "1"]
[SourceVersionDate "2021.01.31"]
[SourceQuality "1"]
[WhiteTeam "Poland II"]
[BlackTeam "Malaysia"]
[WhiteTeamCountry "POL"]
[BlackTeamCountry "MAS"]

1. e4 c5 2. Nf3 e6 3. d4 cxd4 4. Nxd4 a6 5. Bd3 Qc7 6. 0-0 Nf6 7. Qe2 b6 8. c4 d6 9. Nc3 Bb7 10. f4 Nbd7 11. Kh1 Nc5 12. Bc2 Be7 13. e5 Ng8 14. Rd1 dxe5 15. fxe5 Nd7 16. Bf4 Rc8 17. Ba4 Rd8 18. Qg4 g5 19. Bxg5 Qxe5 20. Bf4 Qf6 21. Nc6 Bxc6 22. Bxc6 Qg6 23. Qxg6 hxg6 24. Bc7 Ngf6 25. Bxd8 Bxd8 26. Ne4 Ke7 27. Nxf6 Nxf6 28. g3 Bc7 29. Kg1 Be5 30. Bb7 a5 31. Rab1 Rb8 32. Bc6 Rc8 33. Bb5 Bd6 34. Rd3 Bc5+ 35. Kg2 e5 36. a3 e4 37. Rd2 e3 38. Re2 Ne4 39. Rd1 f5 40. Rd3 Kf6 41. h4 Rh8 42. Bc6 Ke5 43. Rd5+ Ke6 44. Rd1 Ke5 45. Rd3 Rc8 46. Bb7 Rc7 47. Bd5 Bd4 48. b4 axb4 49. axb4 Ra7 50. Bxe4 Kxe4 51. Rd1 Rc7 52. Rc1 Kd3 53. Kf3 Rxc4 54. Rxc4 Kxc4 55. Rc2+ Kd3 56. Rc6 Kd2 57. Rd6 Kd3 58. Rxg6 Bc3 59. Re6 Bxb4 60. Rxe3+ Kd4 61. h5 Bd2 62. Re6 Kc5 63. h6 b5 64. h7 Bc3 65. Re8 Bg7 66. h8Q Bxh8 67. Rxh8 1-0

[Event "FISU World University"]
[Site "Tornelo INT"]
[Date "2020.10.26"]
[Round "2.13"]
[White "Azhar, Puteri Munajjah Az"]
[Black "Stoeri, Laura"]
[Result "1-0"]
[WhiteElo "2046"]
[BlackElo "2126"]
[PlyCount "95"]
[EventDate "2020.10.26"]
[EventType "team-swiss (rapid)"]
[EventRounds "9"]
[EventCountry "NET"]
[SourceTitle "CBM 199 Extra"]
[Source "ChessBase"]
[SourceDate "2021.01.31"]
[SourceVersion "1"]
[SourceVersionDate "2021.01.31"]
[SourceQuality "1"]
[WhiteTeam "Malaysia"]
[BlackTeam "Switzerland"]
[WhiteTeamCountry "MAS"]
[BlackTeamCountry "SUI"]

1. d4 Nf6 2. c4 e6 3. Nc3 Bb4 4. Qc2 b6 5. e4 Bb7 6. Bd3 Nc6 7. Nge2 e5 8. d5 Nd4 9. Qd1 Nxe2 10. Qxe2 Bxc3+ 11. bxc3 d6 12. 0-0 h6 13. f4 Qe7 14. f5 0-0-0 15. Be3 Rdg8 16. Rf2 Qe8 17. a4 a5 18. h3 h5 19. Qb2 Nd7 20. Raf1 f6 21. c5 dxc5 22. Bb5 Qe7 23. Qe2 Nb8 24. Qd1 Ba6 25. c4 Kb7 26. Qd2 Rd8 27. Qb2 c6 28. dxc6+ Nxc6 29. Rb1 Nb4 30. Rd2 Rd6 31. Rbd1 Rhd8 32. Qc3 Ka7 33. Kf2 Bb7 34. Kf3 Rd4 35. Bxd4 exd4 36. Qb2 Qxe4+ 37. Kg3 Qe5+ 38. Kf2 Qh2 39. Rg1 h4 40. Qb3 Re8 41. Bxe8 Qf4+ 42. Ke1 Qe4+ 43. Re2 Qxf5 44. Rf1 Nd3+ 45. Kd2 Qxf1 46. Qxd3 Bxg2 47. Re7+ Ka6 48. Bb5# 1-0

[Event "FISU World University"]
[Site "Tornelo INT"]
[Date "2020.10.26"]
[Round "3.5"]
[White "Picos Maiztegui, Miguel"]
[Black "Azhar, Puteri Munajjah Az"]
[Result "0-1"]
[WhiteElo "2083"]
[BlackElo "2046"]
[PlyCount "80"]
[EventDate "2020.10.26"]
[EventType "team-swiss (rapid)"]
[EventRounds "9"]
[EventCountry "NET"]
[SourceTitle "CBM 199 Extra"]
[Source "ChessBase"]
[SourceDate "2021.01.31"]
[SourceVersion "1"]
[SourceVersionDate "2021.01.31"]
[SourceQuality "1"]
[WhiteTeam "Spain II"]
[BlackTeam "Malaysia"]
[WhiteTeamCountry "ESP"]
[BlackTeamCountry "MAS"]

1. e4 g6 2. d4 Bg7 3. Be3 d6 4. Nc3 Nf6 5. h4 h5 6. Nh3 d5 7. e5 Ng4 8. Ng5 0-0 9. Be2 Nh6 10. f3 f6 11. exf6 exf6 12. Nh3 Re8 13. Bf2 Bf5 14. Nf4 c6 15. 0-0 Qd7 16. Qd2 Nf7 17. Rae1 b5 18. Bd3 Na6 19. Nce2 Bh6 20. c3 Nc7 21. Qc2 Bxd3 22. Qxd3 Nh8 23. Nxg6 Qf7 24. Nxh8 Kxh8 25. Ng3 Ne6 26. Be3 Bf8 27. Bc1 Bd6 28. Nf5 Bc7 29. Re2 Nf4 30. Bxf4 Bxf4 31. Rfe1 Qg6 32. Qc2 Rxe2 33. Rxe2 Re8 34. Rxe8+ Qxe8 35. Kf2 Qg6 36. g3 Bxg3+ 37. Ke2 Bxh4 38. a4 Qg2+ 39. Kd3 Qxf3+ 40. Ne3 Bg5 0-1

[Event "Online Olym Div3 A"]
[Site "Chess.com INT"]
[Date "2020.08.09"]
[Round "9.1"]
[White "Azhar, Puteri Munajjah Az"]
[Black "Dornbusch, Tatiana"]
[Result "1/2-1/2"]
[WhiteElo "2046"]
[BlackElo "2268"]
[PlyCount "131"]
[EventDate "2020.08.07"]
[EventType "team-tourn (rapid)"]
[EventRounds "9"]
[EventCountry "USA"]
[SourceTitle "CBM 198"]
[Source "ChessBase"]
[SourceDate "2020.10.31"]
[SourceVersion "1"]
[SourceVersionDate "2020.10.31"]
[SourceQuality "1"]
[WhiteTeam "Malaysia"]
[BlackTeam "Monaco"]
[WhiteTeamCountry "MAS"]
[BlackTeamCountry "MNC"]

1. Nf3 Nf6 2. g3 g6 3. Bg2 Bg7 4. 0-0 d6 5. d3 0-0 6. e4 c5 7. Re1 Nc6 8. c3 Bg4 9. h3 Bxf3 10. Bxf3 e5 11. Nd2 Rc8 12. a4 d5 13. exd5 Nxd5 14. Nc4 Qd7 15. Kg2 Rcd8 16. Qc2 Kh8 17. Bg5 f6 18. Bc1 Nc7 19. Rd1 Ne6 20. a5 f5 21. Qe2 Ncd4 22. cxd4 Nxd4 23. Qe3 Nc2 24. Qxc5 Nxa1 25. Bg5 Rc8 26. Qxa7 Nb3 27. Qxb7 Qxb7 28. Bxb7 Rxc4 29. dxc4 Nxa5 30. Ba6 Nb3 31. Be7 Re8 32. Rd8 Rxd8 33. Bxd8 e4 34. Be7 Bxb2 35. Bb5 Bd4 36. Bb4 Nc5 37. Bxc5 Bxc5 38. Kf1 Kg7 39. Ke2 Kf6 40. Bc6 Ke5 41. Bd5 g5 42. Bf7 Kd4 43. f3 e3 44. g4 fxg4 45. fxg4 Ke4 46. Bd5+ Kf4 47. Bg2 Kg3 48. Bf1 Bb6 49. Kd3 Kf2 50. Be2 Kg2 51. Ke4 Kf2 52. Kd3 Kg2 53. Ke4 Kxh3 54. Kf3 Kh4 55. Kg2 Bd4 56. Kh2 Be5+ 57. Kg2 Bd6 58. Bf3 Bc5 59. Be2 Bd6 60. Bf3 Bc5 61. Be2 h6 62. Bd1 Bd4 63. Be2 Ba7 64. Bd1 Bd4 65. Be2 Bc5 66. Bd1 1/2-1/2

[Event "Online Olym Div3 A"]
[Site "Chess.com INT"]
[Date "2020.08.09"]
[Round "7.2"]
[White "Azhar, Puteri Munajjah Az"]
[Black "Mahmoud, Roula"]
[Result "1-0"]
[WhiteElo "2046"]
[BlackElo "1771"]
[PlyCount "97"]
[EventDate "2020.08.07"]
[EventType "team-tourn (rapid)"]
[EventRounds "9"]
[EventCountry "USA"]
[SourceTitle "CBM 198"]
[Source "ChessBase"]
[SourceDate "2020.10.31"]
[SourceVersion "1"]
[SourceVersionDate "2020.10.31"]
[SourceQuality "1"]
[WhiteTeam "Malaysia"]
[BlackTeam "Syria"]
[WhiteTeamCountry "MAS"]
[BlackTeamCountry "SYR"]

1. e4 c5 2. Nf3 e6 3. d4 cxd4 4. Nxd4 a6 5. Bd3 d6 6. Nc3 Nf6 7. 0-0 Be7 8. Be3 0-0 9. h3 Nbd7 10. f4 Qc7 11. Qf3 b5 12. a3 Bb7 13. g4 Nc5 14. g5 Nfd7 15. Qh5 Nb6 16. Rae1 Nc4 17. Bxc4 bxc4 18. Bc1 Qb6 19. Kh2 Nd3 20. cxd3 Qxd4 21. dxc4 Qxc4 22. f5 exf5 23. exf5 Qc6 24. Rf2 Rae8 25. Rg1 d5 26. f6 Bd6+ 27. Bf4 Bxf4+ 28. Rxf4 d4 29. fxg7 Kxg7 30. Qh6+ Qxh6 31. gxh6+ Kh8 32. Rxd4 Re6 33. Rh4 Rd8 34. Rd1 Rxd1 35. Nxd1 Re2+ 36. Kg3 Rg2+ 37. Kf4 Rd2 38. Ne3 Rxb2 39. Ke5 Rb6 40. Nf5 Re6+ 41. Kd4 Rf6 42. Ng7 Rf3 43. a4 Ra3 44. Kc5 Bc8 45. Rd4 Rc3+ 46. Kb4 Bd7 47. Kxc3 Be8 48. Rd8 Kg8 49. Rxe8# 1-0

[Event "Online Olym Div3 A"]
[Site "Chess.com INT"]
[Date "2020.08.08"]
[Round "5.3"]
[White "Azhar, Puteri Munajjah Az"]
[Black "Gong, Qianyun"]
[Result "0-1"]
[WhiteElo "2046"]
[BlackElo "2333"]
[PlyCount "66"]
[EventDate "2020.08.07"]
[EventType "team-tourn (rapid)"]
[EventRounds "9"]
[EventCountry "USA"]
[SourceTitle "CBM 198"]
[Source "ChessBase"]
[SourceDate "2020.10.31"]
[SourceVersion "1"]
[SourceVersionDate "2020.10.31"]
[SourceQuality "1"]
[WhiteTeam "Malaysia"]
[BlackTeam "Singapore"]
[WhiteTeamCountry "MAS"]
[BlackTeamCountry "SIN"]

1. Nf3 Nf6 2. g3 b6 3. Bg2 Bb7 4. 0-0 g6 5. d4 Bg7 6. c4 0-0 7. Nc3 Ne4 8. Qc2 Nxc3 9. Qxc3 c5 10. Be3 Nc6 11. Rad1 d6 12. Qd2 Re8 13. d5 Nb8 14. Bh6 Bh8 15. e4 Nd7 16. b3 a5 17. a4 Nf6 18. Rfe1 Ng4 19. Bg5 Bc8 20. h3 Ne5 21. Nxe5 Bxe5 22. Kh2 Ra7 23. Bh6 e6 24. f4 Bd4 25. g4 exd5 26. exd5 Rae7 27. Rxe7 Qxe7 28. Bg5 Qe3 29. Qd3 f6 30. Bh6 Qf2 31. Rf1 Qh4 32. g5 Re3 33. Qd1 Rxh3+ 0-1

[Event "Online Olym Div3 A"]
[Site "Chess.com INT"]
[Date "2020.08.08"]
[Round "6.4"]
[White "Kanyamarala, Trisha"]
[Black "Azhar, Puteri Munajjah Az"]
[Result "0-1"]
[WhiteElo "2193"]
[BlackElo "2046"]
[PlyCount "78"]
[EventDate "2020.08.07"]
[EventType "team-tourn (rapid)"]
[EventRounds "9"]
[EventCountry "USA"]
[SourceTitle "CBM 198"]
[Source "ChessBase"]
[SourceDate "2020.10.31"]
[SourceVersion "1"]
[SourceVersionDate "2020.10.31"]
[SourceQuality "1"]
[WhiteTeam "Ireland"]
[BlackTeam "Malaysia"]
[WhiteTeamCountry "IRL"]
[BlackTeamCountry "MAS"]

1. c4 Nf6 2. Nc3 d6 3. g3 g6 4. Bg2 Bg7 5. Nf3 0-0 6. 0-0 e5 7. d3 Nc6 8. Rb1 a5 9. a3 h6 10. b4 axb4 11. axb4 Kh7 12. b5 Ne7 13. Ne1 Nd7 14. Nc2 f5 15. e3 Nb6 16. Qe2 Ra7 17. Bd2 c6 18. bxc6 bxc6 19. Nb4 Qc7 20. Ra1 Bd7 21. d4 e4 22. f3 d5 23. cxd5 cxd5 24. Nb5 Bxb5 25. Qxb5 Nc4 26. Rxa7 Qxa7 27. Rd1 Rb8 28. Qa6 Bxd4 29. exd4 Qxd4+ 30. Kh1 Rxb4 31. Qe6 Rb7 32. Qf7+ Qg7 33. Qxg7+ Kxg7 34. Bc3+ Kf7 35. fxe4 dxe4 36. Bd4 Rd7 37. Kg1 Nc6 38. Bf1 Ne3 39. Re1 Nxf1 0-1

[Event "Speed Chess (Women) Q5"]
[Site "Chess.com INT"]
[Date "2020.06.22"]
[Round "1"]
[White "Azhar, Puteri Munajjah Az"]
[Black "Eswaran, Ashritha"]
[Result "0-1"]
[WhiteElo "2046"]
[BlackElo "2244"]
[PlyCount "54"]
[EventDate "2020.06.22"]
[EventType "swiss (blitz)"]
[EventRounds "13"]
[EventCountry "USA"]
[SourceTitle "CBM 196 Extra"]
[Source "ChessBase"]
[SourceDate "2020.07.31"]
[SourceVersion "1"]
[SourceVersionDate "2020.07.31"]
[SourceQuality "1"]

1. e4 c5 2. Nf3 a6 3. d3 g6 4. g3 Bg7 5. Bg2 e5 6. 0-0 Nc6 7. c3 d6 8. Be3 Nge7 9. Nbd2 0-0 10. a4 f5 11. Nc4 f4 12. Bd2 h6 13. h4 Kh7 14. Qc1 fxg3 15. fxg3 Bg4 16. Ne3 Be6 17. g4 Qd7 18. Bh3 Ng8 19. Nh2 Rf4 20. Rxf4 exf4 21. Nd5 g5 22. Qe1 Rf8 23. Kh1 Nce7 24. Nxe7 Nxe7 25. hxg5 hxg5 26. Nf3 Kg6 27. Bxf4 Rxf4 0-1

[Event "Speed Chess (Women) Q5"]
[Site "Chess.com INT"]
[Date "2020.06.22"]
[Round "5"]
[White "Azhar, Puteri Munajjah Az"]
[Black "Zavivaeva, Evelina"]
[Result "1-0"]
[WhiteElo "2046"]
[BlackElo "1619"]
[PlyCount "64"]
[EventDate "2020.06.22"]
[EventType "swiss (blitz)"]
[EventRounds "13"]
[EventCountry "USA"]
[SourceTitle "CBM 196 Extra"]
[Source "ChessBase"]
[SourceDate "2020.07.31"]
[SourceVersion "1"]
[SourceVersionDate "2020.07.31"]
[SourceQuality "1"]

1. d4 Nf6 2. c4 c5 3. d5 b5 4. Nc3 bxc4 5. e4 d6 6. Bxc4 g6 7. Nf3 Bg7 8. 0-0 0-0 9. h3 a5 10. Re1 Ba6 11. Bd3 Bxd3 12. Qxd3 Nfd7 13. Bf4 Qc7 14. Rab1 Bxc3 15. Qxc3 Na6 16. Bh6 f6 17. Bxf8 Rxf8 18. Qe3 Nb4 19. Qe2 Nxa2 20. Ra1 Nb4 21. h4 Rb8 22. h5 Qb6 23. hxg6 hxg6 24. Nh2 Kf7 25. Qg4 Rd8 26. Qe6+ Kg7 27. Qxe7+ Kh6 28. Ng4+ Kg5 29. Ne3 Qc7 30. Nc4 Qc8 31. Nxd6 Qb8 32. Nf7+ Kh5 1-0